<?xml version="1.0" encoding="UTF-8"?>
<record
    xmlns:xsi="http://www.w3.org/2001/XMLSchema-instance"
    xsi:schemaLocation="http://www.loc.gov/MARC21/slim http://www.loc.gov/standards/marcxml/schema/MARC21slim.xsd"
    xmlns="http://www.loc.gov/MARC21/slim">

  <leader>02778nam a22002297a 4500</leader>
  <controlfield tag="001">6623</controlfield>
  <controlfield tag="003">FISKH</controlfield>
  <controlfield tag="005">20250516104301.0</controlfield>
  <controlfield tag="008">250516b        cb ||||| |||| 00| 0 eng d</controlfield>
  <datafield tag="040" ind1=" " ind2=" ">
    <subfield code="a">FISKH</subfield>
    <subfield code="b">khr</subfield>
    <subfield code="c">FISKH</subfield>
    <subfield code="d">FISKH</subfield>
  </datafield>
  <datafield tag="082" ind1=" " ind2=" ">
    <subfield code="a">800</subfield>
  </datafield>
  <datafield tag="100" ind1=" " ind2=" ">
    <subfield code="a">Samnang, Mao </subfield>
  </datafield>
  <datafield tag="245" ind1=" " ind2=" ">
    <subfield code="a">&#x179C;&#x17B7;&#x1794;&#x17D2;&#x1794;&#x178A;&#x17B7;&#x179F;&#x17B6;&#x179A;&#x17B8; :</subfield>
    <subfield code="b">&#x1794;&#x17D2;&#x179A;&#x179B;&#x17C4;&#x1798;&#x179B;&#x17C4;&#x1780;&#x1798;&#x1793;&#x17C4;&#x179F;&#x1789;&#x17D2;&#x1785;&#x17C1;&#x178F;&#x1793;&#x17B6; /</subfield>
    <subfield code="c">&#x1793;&#x17B7;&#x1796;&#x1793;&#x17D2;&#x1792;&#x178A;&#x17C4;&#x1799;&#x17A2;&#x17D2;&#x1793;&#x1780;&#x179F;&#x17D2;&#x179A;&#x17B8; &#x1798;&#x17C9;&#x17C5; &#x179F;&#x17C6;&#x178E;&#x17B6;&#x1784; &#x179F;&#x1798;&#x17B6;&#x1787;&#x17B7;&#x1780;&#x179F;&#x1798;&#x17B6;&#x1782;&#x1798;&#x17A2;&#x17D2;&#x1793;&#x1780;&#x1793;&#x17B7;&#x1796;&#x1793;&#x17D2;&#x1792;&#x1781;&#x17D2;&#x1798;&#x17C2;&#x179A;&#x200B; </subfield>
  </datafield>
  <datafield tag="260" ind1=" " ind2=" ">
    <subfield code="a">&#x1797;&#x17D2;&#x1793;&#x17C6;&#x1796;&#x17C1;&#x1789; :</subfield>
    <subfield code="b">&#x1794;&#x178E;&#x17D2;&#x178E;&#x17B6;&#x179B;&#x17D0;&#x1799; &#x179F;&#x17BB;&#x179A;&#x17B7;&#x1799;&#x17B6;&#x179A;&#x1784;&#x17D2;&#x179F;&#x17B8; ,</subfield>
    <subfield code="c">&#x17E2;&#x17E0;&#x17E0;&#x17E9;. </subfield>
  </datafield>
  <datafield tag="300" ind1=" " ind2=" ">
    <subfield code="a">138 pages : </subfield>
    <subfield code="b">color illustrations ; </subfield>
    <subfield code="c">21 cm . </subfield>
  </datafield>
  <datafield tag="520" ind1=" " ind2=" ">
    <subfield code="a">&#x179A;&#x17BF;&#x1784;&#x1793;&#x17C1;&#x17C7;&#x1794;&#x1784;&#x17D2;&#x17A0;&#x17B6;&#x1789;&#x1796;&#x17B8;&#x1780;&#x17B6;&#x179A;&#x178F;&#x179F;&#x17CA;&#x17BC; &#x1793;&#x17B7;&#x1784;&#x1780;&#x17B6;&#x179A;&#x1794;&#x17D2;&#x179A;&#x1788;&#x1798;&#x1798;&#x17BB;&#x1781;&#x1793;&#x17B9;&#x1784;&#x179C;&#x17B7;&#x1794;&#x178F;&#x17D2;&#x178F;&#x17B7;&#x179A;&#x1794;&#x179F;&#x17CB;&#x178F;&#x17BD;&#x17A2;&#x1784;&#x17D2;&#x1782;&#x179F;&#x17D2;&#x179A;&#x17B8; &#x178A;&#x17BE;&#x1798;&#x17D2;&#x1794;&#x17B8;&#x179A;&#x1780;&#x179F;&#x17B7;&#x1791;&#x17D2;&#x1792;&#x17B7; &#x1793;&#x17B7;&#x1784;&#x179F;&#x17C1;&#x179A;&#x17B8;&#x1797;&#x17B6;&#x1796;&#x1780;&#x17D2;&#x1793;&#x17BB;&#x1784;&#x179F;&#x1784;&#x17D2;&#x1782;&#x1798;&#x17D4; &#x179C;&#x17B6;&#x1794;&#x1784;&#x17D2;&#x17A0;&#x17B6;&#x1789;&#x1796;&#x17B8;&#x1780;&#x17B6;&#x179A;&#x179A;&#x17BE;&#x179F;&#x17A2;&#x17BE;&#x1784; &#x1793;&#x17B7;&#x1784;&#x179C;&#x17B7;&#x1794;&#x178F;&#x17D2;&#x178F;&#x17B7;&#x179F;&#x1784;&#x17D2;&#x1782;&#x1798;&#x178A;&#x17C2;&#x179B;&#x1798;&#x17B6;&#x1793;&#x17A5;&#x1791;&#x17D2;&#x1792;&#x17B7;&#x1796;&#x179B;&#x178A;&#x179B;&#x17CB;&#x1787;&#x17B8;&#x179C;&#x17B7;&#x178F;&#x1793;&#x17B6;&#x179A;&#x17B8;&#x1798;&#x17D2;&#x1793;&#x17B6;&#x1780;&#x17CB; &#x1793;&#x17B7;&#x1784;&#x1780;&#x17B6;&#x179A;&#x178F;&#x179F;&#x17CA;&#x17BC;&#x179A;&#x1794;&#x179F;&#x17CB;&#x1793;&#x17B6;&#x1784;&#x178A;&#x17BE;&#x1798;&#x17D2;&#x1794;&#x17B8;&#x179A;&#x1780;&#x179F;&#x17B7;&#x1791;&#x17D2;&#x1792;&#x17B7; &#x1793;&#x17B7;&#x1784;&#x179F;&#x17C1;&#x179A;&#x17B8;&#x1797;&#x17B6;&#x1796;&#x1780;&#x17D2;&#x1793;&#x17BB;&#x1784;&#x179F;&#x1784;&#x17D2;&#x1782;&#x1798;&#x17D4;

&#x178A;&#x17C4;&#x1799;&#x179F;&#x17B6;&#x179A;&#x178F;&#x17C2;&#x1780;&#x17B6;&#x179A;&#x179A;&#x17BE;&#x179F;&#x17A2;&#x17BE;&#x1784; &#x1793;&#x17B7;&#x1784;&#x179C;&#x17B7;&#x1794;&#x178F;&#x17D2;&#x178F;&#x17B7;&#x179F;&#x1784;&#x17D2;&#x1782;&#x1798;&#x178A;&#x17C2;&#x179B;&#x178F;&#x17BD;&#x17A2;&#x1784;&#x17D2;&#x1782;&#x179F;&#x17D2;&#x179A;&#x17B8;&#x1794;&#x17D2;&#x179A;&#x1788;&#x1798;&#x1798;&#x17BB;&#x1781; &#x1793;&#x17B6;&#x1784;&#x178F;&#x17D2;&#x179A;&#x17BC;&#x179C;&#x1794;&#x17D2;&#x179A;&#x1788;&#x1798;&#x1798;&#x17BB;&#x1781;&#x1793;&#x17B9;&#x1784;&#x1780;&#x17B6;&#x179A;&#x179B;&#x17C6;&#x1794;&#x17B6;&#x1780; &#x1793;&#x17B7;&#x1784;&#x1780;&#x17B6;&#x179A;&#x1788;&#x17BA;&#x1785;&#x17B6;&#x1794;&#x17CB;&#x1795;&#x17D2;&#x179B;&#x17BC;&#x179C;&#x1785;&#x17B7;&#x178F;&#x17D2;&#x178F;&#x17D4; &#x179A;&#x17BF;&#x1784;&#x1793;&#x17C1;&#x17C7;&#x1794;&#x1784;&#x17D2;&#x17A0;&#x17B6;&#x1789;&#x1796;&#x17B8;&#x1780;&#x17B6;&#x179A;&#x178F;&#x179F;&#x17CA;&#x17BC; &#x1793;&#x17B7;&#x1784;&#x1780;&#x17B6;&#x179A;&#x1794;&#x17D2;&#x179A;&#x1788;&#x1798;&#x1798;&#x17BB;&#x1781;&#x1793;&#x17B9;&#x1784;&#x179C;&#x17B7;&#x1794;&#x178F;&#x17D2;&#x178F;&#x17B7;&#x179A;&#x1794;&#x179F;&#x17CB;&#x178F;&#x17BD;&#x17A2;&#x1784;&#x17D2;&#x1782;&#x179F;&#x17D2;&#x179A;&#x17B8; &#x178A;&#x17BE;&#x1798;&#x17D2;&#x1794;&#x17B8;&#x179A;&#x1780;&#x179F;&#x17B7;&#x1791;&#x17D2;&#x1792;&#x17B7; &#x1793;&#x17B7;&#x1784;&#x179F;&#x17C1;&#x179A;&#x17B8;&#x1797;&#x17B6;&#x1796;&#x1780;&#x17D2;&#x1793;&#x17BB;&#x1784;&#x179F;&#x1784;&#x17D2;&#x1782;&#x1798;&#x17D4;</subfield>
  </datafield>
  <datafield tag="520" ind1=" " ind2=" ">
    <subfield code="a">This story portrays the struggle and challenges faced by the female protagonist in her pursuit of rights and freedom within society. It highlights the discrimination and social hardships that deeply affect a woman&#x2019;s life, as well as her determination to fight for her rights and independence.

Due to the discrimination and societal obstacles she encounters, the protagonist faces many difficulties and emotional pain. The story illustrates her fight and resilience in the face of adversity as she strives to gain her rightful place and freedom in society.</subfield>
  </datafield>
  <datafield tag="650" ind1=" " ind2=" ">
    <subfield code="a">&#x179C;&#x17B7;&#x1794;&#x17D2;&#x1794;&#x178A;&#x17B7;&#x179F;&#x17B6;&#x179A;&#x17B8; </subfield>
    <subfield code="v">&#x1794;&#x17D2;&#x179A;&#x179B;&#x17C4;&#x1798;&#x179B;&#x17C4;&#x1780;&#x1798;&#x1793;&#x17C4;&#x179F;&#x1789;&#x17D2;&#x1785;&#x17C1;&#x178F;&#x1793;&#x17B6;&#x200B;</subfield>
  </datafield>
  <datafield tag="650" ind1=" " ind2=" ">
    <subfield code="a">Vi pa de sa rey </subfield>
    <subfield code="v">Romantic Literature </subfield>
  </datafield>
  <datafield tag="942" ind1=" " ind2=" ">
    <subfield code="2">ddc</subfield>
    <subfield code="c">KHB</subfield>
    <subfield code="n">0</subfield>
  </datafield>
  <datafield tag="999" ind1=" " ind2=" ">
    <subfield code="c">6623</subfield>
    <subfield code="d">6623</subfield>
  </datafield>
  <datafield tag="952" ind1=" " ind2=" ">
    <subfield code="0">0</subfield>
    <subfield code="1">0</subfield>
    <subfield code="2">ddc</subfield>
    <subfield code="4">0</subfield>
    <subfield code="7">0</subfield>
    <subfield code="8">KH</subfield>
    <subfield code="a">002</subfield>
    <subfield code="b">002</subfield>
    <subfield code="c">SKB</subfield>
    <subfield code="d">2025-05-16</subfield>
    <subfield code="l">0</subfield>
    <subfield code="o">SAM 800</subfield>
    <subfield code="p">FISSE01644</subfield>
    <subfield code="r">2025-05-16 10:42:58</subfield>
    <subfield code="w">2025-05-16</subfield>
    <subfield code="y">KHB</subfield>
  </datafield>
</record>
